| 000 | 00816nam a2200181Ia 4500 | ||
|---|---|---|---|
| 008 | 100921s9999 xx 000 0 und d | ||
| 082 |
_b5685 _a928 थ 40 |
||
| 100 | _aनारळकर आनंद नारायण,भागवत कृष्णाजी गणेश.संपा. | ||
| 245 | _aफडक्यांच्या शब्दात फडके. | ||
| 260 |
_bभिडे पु.रा.आणि कंपनी,पुणे. _c1940 |
||
| 300 |
_a91 _b--- |
||
| 365 | _b0.75 | ||
| 520 | _aचरित्रे-साहित्यिक. | ||
| 630 | _aफडक्यांच्या शब्दात फडके. | ||
| 650 | _aचरित्रे-साहित्यिक. | ||
| 730 | _aफडक्यांच्या शब्दात फडके. | ||
| 942 | _cBOOK | ||
| 999 |
_c754798 _d754795 |
||